Frankissstein : una storia d'amore /

Lago di Ginevra, 1816: la diciannovenne Mary Shelley sta scrivendo una storia su uno scienziato che crea una nuova forma di vita. Nella Gran Bretagna di oggi, alle prese con i tormenti della Brexit, un giovane medico transgender di nome Ry si innamora di Victor Stein, un professore noto al grande pu...

Celý popis

Uloženo v:
Podrobná bibliografie
Hlavní autor: Winterson, Jeanette
Další autoři: Spallino Rocca, Chiara (Překladatel)
Médium: Kniha
Jazyk:italština
Vydáno: Milano : Mondadori, 2019
Edice:Narrative
Tagy: Přidat tag
Žádné tagy, Buďte první, kdo vytvoří štítek k tomuto záznamu!

MARC

LEADER 00000nam a22000007i 4500
001 IT\ICCU\MOD\1701440
003 ItRI
005 20260115232030.0
008 191126s2019 it |||||| |||||1|||||c
020 |a 9788804718628 
040 |b ita  |c importazione bologna sebina 
041 7 |a ita  |2 ISO-639-2 
082 |a 823.914  |9 NARRATIVA INGLESE, 1945-1999  |2 23 
100 1 |a Winterson, Jeanette  |0 IT\ICCU\CFIV\116036 
240 1 0 |a Frankissstein  |3 IT\ICCU\MOD\1698176  |9 Winterson, Jeanette 
245 1 0 |a Frankissstein :  |b una storia d'amore /  |c Jeanette Winterson ; traduzione di Chiara Spallino Rocca. 
246 1 3 |a Fran kiss stein  |9 IT\ICCU\LO1\1773607 
260 |a Milano :  |b Mondadori,  |c 2019 
300 |a 330 p. ;  |c 22 cm 
520 |a Lago di Ginevra, 1816: la diciannovenne Mary Shelley sta scrivendo una storia su uno scienziato che crea una nuova forma di vita. Nella Gran Bretagna di oggi, alle prese con i tormenti della Brexit, un giovane medico transgender di nome Ry si innamora di Victor Stein, un professore noto al grande pubblico per le sue posizioni sull'intelligenza artificiale, che conduce alcuni esperimenti in una rete sotterranea di tunnel. Nel frattempo, Ron Lord, divorziato da poco e spalleggiato dalla mamma, scalpita per lanciare il prodotto che lo renderà ricchissimo: una nuova generazione di bambole del sesso per uomini soli di tutto il mondo. Sull'altra sponda dell'Atlantico, a Phoenix, in Arizona, una struttura criogenica ospita dozzine di corpi di uomini e donne che sono morti dal punto di vista medico e legale, ma che attendono di tornare in vita. Cosa accadrà quando l'Homo sapiens non sarà più l'essere più intelligente del pianeta? Jeanette Winterson ci mostra quanto quel futuro sia già assai vicino. Sospeso tra hard science e il romanticismo più sognante, Frankissstein affronta i temi che da sempre sono al centro delle opere della Winterson: il genere, la lingua, la sessualità, i limiti della libertà individuale e la vita delle idee. 
700 1 |a Spallino Rocca, Chiara  |0 IT\ICCU\CFIV\086332  |4 trl 
790 1 |a Spallino, Chiara  |3 IT\ICCU\CFIV\121019  |z Spallino Rocca, Chiara 
830 0 |a Narrative  |0 IT\ICCU\UBO\4275592 
942 |2 ddc  |c BK  |n 0 
952 |0 0  |1 0  |4 0  |6 L_823_920000000000000_WIN  |7 0  |9 19109  |a BO  |b BO  |d 2026-01-15  |i 19187  |l 0  |o L 823.92 WIN  |p BO19187  |r 2026-01-15 23:20:30  |w 2026-01-15  |x [Sebina 5] [1 v.]  |y BK  |z 1 v. 
999 |c 16253  |d 16253